[Event "Helsinki Chess Festival - Seniors"]
[Site "chess24.com"]
[Date "2019.08.16"]
[Round "5"]
[White "Karasev, Vladimir I"]
[Black "Peebo, Kalle"]
[Result "0-1"]
[Board "1"]
[WhiteTitle "IM"]
[WhiteElo "2283"]
[WhiteCountry "RUS"]
[WhiteFideId "4103971"]
[WhiteEloChange "-12"]
[BlackElo "2200"]
[BlackCountry "EST"]
[BlackFideId "4503805"]
[BlackEloChange "12"]

1. Nf3 {[%clk 1:30:58]} Nf6 {[%clk 1:30:43]} 2. g3 {[%clk 1:31:18]} c5 {[%clk
1:31:02]} 3. Bg2 {[%clk 1:31:42]} g6 {[%clk 1:31:13]} 4. b3 {[%clk 1:31:06]} Bg7
{[%clk 1:31:27]} 5. Bb2 {[%clk 1:31:31]} O-O {[%clk 1:31:40]} 6. O-O {[%clk
1:31:26]} Nc6 {[%clk 1:31:35]} 7. c4 {[%clk 1:28:23]} d6 {[%clk 1:29:16]} 8. Qc1
{[%clk 1:26:17]} e5 {[%clk 1:27:43]} 9. Nc3 {[%clk 1:21:53]} Rb8 {[%clk 1:27:09]}
10. d3 {[%clk 1:19:45]} h6 {[%clk 1:19:44]} 11. e3 {[%clk 1:16:01]} Re8 {[%clk
1:10:49]} 12. Nd5 {[%clk 1:06:50]} Bg4 {[%clk 0:51:26]} 13. h3 {[%clk 0:58:17]}
Bd7 {[%clk 0:50:49]} 14. a3 {[%clk 0:50:48]} b5 {[%clk 0:49:25]} 15. Nxf6+ {[%clk
0:45:26]} Bxf6 {[%clk 0:49:15]} 16. Nd2 {[%clk 0:45:31]} bxc4 {[%clk 0:10:06]}
17. Nxc4 {[%clk 0:34:01]} Qe7 {[%clk 0:41:37]} 18. Nd2 {[%clk 0:32:41]} Rec8
{[%clk 0:41:01]} 19. Qc3 {[%clk 0:26:43]} Kh7 {[%clk 0:38:46]} 20. Kh2 {[%clk
0:24:46]} Bh8 {[%clk 0:38:33]} 21. Qc2 {[%clk 0:23:54]} Be6 {[%clk 0:37:15]} 22.
Bc3 {[%clk 0:22:20]} Nd4 {[%clk 0:11:14]} 23. Qd1 {[%clk 0:16:24]} Nxb3 {[%clk
0:27:41]} 24. Rb1 {[%clk 0:16:20]} Nxd2 {[%clk 0:27:13]} 25. Qxd2 {[%clk
0:16:44]} Qd7 {[%clk 0:26:30]} 26. f4 {[%clk 0:13:33]} exf4 {[%clk 0:19:06]} 27.
gxf4 {[%clk 0:13:45]} d5 {[%clk 0:19:04]} 28. Bxh8 {[%clk 0:13:52]} Rxh8 {[%clk
0:18:48]} 29. Qc3 {[%clk 0:13:31]} d4 {[%clk 0:15:36]} 30. Qxc5 {[%clk 0:13:30]}
dxe3 {[%clk 0:15:40]} 31. Qxe3 {[%clk 0:13:54]} Rhc8 {[%clk 0:11:51]} 32. Rb4
{[%clk 0:07:44]} Rxb4 {[%clk 0:09:29]} 33. axb4 {[%clk 0:08:13]} a6 {[%clk
0:07:44]} 34. Rf2 {[%clk 0:04:53]} Rc3 {[%clk 0:07:41]} 35. Rd2 {[%clk 0:04:37]}
Qd6 {[%clk 0:07:33]} 36. Qe4 {[%clk 0:03:37]} Bf5 {[%clk 0:04:52]} 37. Qe5 {[%clk
0:03:48]} Qxb4 {[%clk 0:03:33]} 38. Ra2 {[%clk 0:03:08]} Bxd3 {[%clk 0:02:50]}
39. Qf6 {[%clk 0:01:58]} Rc7 {[%clk 0:02:28]} 40. Bd5 {[%clk 0:30:48]} Bf5 {[%clk
0:32:09]} 41. Qh4 {[%clk 0:20:32]} a5 {[%clk 0:27:38]} 42. Qf2 {[%clk 0:20:10]}
a4 {[%clk 0:26:02]} 43. Re2 {[%clk 0:19:14]} a3 {[%clk 0:24:33]} 44. Qe3 {[%clk
0:12:22]} Qb5 {[%clk 0:21:55]} 45. Bb3 {[%clk 0:04:20]} Rb7 {[%clk 0:20:42]} 46.
Bd1 {[%clk 0:04:06]} Qb1 {[%clk 0:20:26]} 0-1

[Event "Helsinki Chess Festival - Seniors"]
[Site "chess24.com"]
[Date "2019.08.16"]
[Round "5"]
[White "Westerinen, Heikki M.J."]
[Black "Fomina, Tatyana"]
[Result "1-0"]
[Board "2"]
[WhiteTitle "GM"]
[WhiteElo "2297"]
[WhiteCountry "FIN"]
[WhiteFideId "500020"]
[WhiteEloChange "7"]
[BlackTitle "WGM"]
[BlackElo "2201"]
[BlackCountry "EST"]
[BlackFideId "4500156"]
[BlackEloChange "-7"]

1. e4 {[%clk 1:30:56]} c5 {[%clk 1:30:53]} 2. Nf3 {[%clk 1:30:46]} e6 {[%clk
1:31:14]} 3. c3 {[%clk 1:30:49]} d5 {[%clk 1:29:26]} 4. exd5 {[%clk 1:29:51]}
Qxd5 {[%clk 1:29:04]} 5. d4 {[%clk 1:29:41]} Nf6 {[%clk 1:28:59]} 6. Na3 {[%clk
1:28:50]} Be7 {[%clk 1:26:54]} 7. Nb5 {[%clk 1:28:01]} Qd8 {[%clk 0:03:34]} 8.
dxc5 {[%clk 1:25:44]} Bxc5 {[%clk 1:23:01]} 9. Qxd8+ {[%clk 1:16:08]} Kxd8 {[%clk
1:23:23]} 10. Bf4 {[%clk 1:12:34]} Nd5 {[%clk 1:17:56]} 11. O-O-O {[%clk
1:02:07]} Ke7 {[%clk 1:09:43]} 12. Rxd5 {[%clk 1:00:22]} exd5 {[%clk 1:09:25]}
13. Nc7 {[%clk 1:00:37]} Bd6 {[%clk 1:08:31]} 14. Bxd6+ {[%clk 1:00:18]} Kxd6
{[%clk 1:08:53]} 15. Nxa8 {[%clk 1:00:29]} Nc6 {[%clk 1:07:16]} 16. Bd3 {[%clk
0:37:23]} Be6 {[%clk 1:06:31]} 17. Nd4 {[%clk 0:35:34]} Nxd4 {[%clk 1:00:58]} 18.
cxd4 {[%clk 0:35:58]} Rxa8 {[%clk 1:00:26]} 19. Kd2 {[%clk 0:34:58]} g6 {[%clk
0:57:56]} 20. h4 {[%clk 0:30:41]} h5 {[%clk 0:53:00]} 21. Re1 {[%clk 0:26:48]}
Rg8 {[%clk 0:49:38]} 22. Re5 {[%clk 0:26:27]} f6 {[%clk 0:42:38]} 23. Re3 {[%clk
0:25:52]} g5 {[%clk 0:42:40]} 24. hxg5 {[%clk 0:14:08]} fxg5 {[%clk 0:41:52]} 25.
Be2 {[%clk 0:13:28]} h4 {[%clk 0:35:35]} 26. Ra3 {[%clk 0:11:05]} g4 {[%clk
0:27:18]} 27. Rxa7 {[%clk 0:11:11]} Rg7 {[%clk 0:26:36]} 28. Ra8 {[%clk 0:10:23]}
Rh7 {[%clk 0:25:29]} 29. Bd3 {[%clk 0:08:04]} h3 {[%clk 0:24:21]} 30. gxh3 {[%clk
0:08:14]} gxh3 {[%clk 0:21:17]} 31. Bxh7 {[%clk 0:08:21]} 1-0

[Event "Helsinki Chess Festival - Seniors"]
[Site "chess24.com"]
[Date "2019.08.16"]
[Round "5"]
[White "Hammar, Bengt"]
[Black "Kaunas, Kestutis"]
[Result "0-1"]
[Board "3"]
[WhiteTitle "FM"]
[WhiteElo "2199"]
[WhiteCountry "SWE"]
[WhiteFideId "1700391"]
[WhiteEloChange "-11"]
[BlackTitle "IM"]
[BlackElo "2154"]
[BlackCountry "LTU"]
[BlackFideId "12800139"]
[BlackEloChange "11"]

1. e4 {[%clk 1:30:40]} Nf6 {[%clk 1:30:45]} 2. e5 {[%clk 1:30:48]} Nd5 {[%clk
1:31:13]} 3. d4 {[%clk 1:31:05]} d6 {[%clk 1:31:36]} 4. Nf3 {[%clk 1:30:43]} Bg4
{[%clk 1:30:21]} 5. Be2 {[%clk 1:30:07]} e6 {[%clk 1:29:12]} 6. h3 {[%clk
1:26:43]} Bh5 {[%clk 1:28:59]} 7. O-O {[%clk 1:26:44]} Be7 {[%clk 1:29:21]} 8. c4
{[%clk 1:26:04]} Nb6 {[%clk 1:29:49]} 9. Nc3 {[%clk 1:25:57]} O-O {[%clk
1:29:28]} 10. Be3 {[%clk 1:17:19]} a6 {[%clk 1:24:24]} 11. exd6 {[%clk 1:04:47]}
cxd6 {[%clk 1:24:24]} 12. Qb3 {[%clk 1:04:30]} N8d7 {[%clk 1:20:55]} 13. a4
{[%clk 1:01:26]} Bxf3 {[%clk 1:00:29]} 14. Bxf3 {[%clk 1:01:26]} Qc7 {[%clk
1:00:44]} 15. Bxb7 {[%clk 0:55:08]} Qxb7 {[%clk 0:43:47]} 16. a5 {[%clk 0:55:09]}
Qc7 {[%clk 0:43:52]} 17. axb6 {[%clk 0:55:02]} Nxb6 {[%clk 0:44:17]} 18. c5
{[%clk 0:37:50]} dxc5 {[%clk 0:44:11]} 19. dxc5 {[%clk 0:37:56]} Bxc5 {[%clk
0:44:36]} 20. Bxc5 {[%clk 0:35:14]} Qxc5 {[%clk 0:45:01]} 21. Rfc1 {[%clk
0:35:14]} Rfb8 {[%clk 0:34:58]} 22. Na4 {[%clk 0:30:54]} Nxa4 {[%clk 0:31:46]}
23. Qxa4 {[%clk 0:31:01]} Qe5 {[%clk 0:31:06]} 24. Rc6 {[%clk 0:30:38]} h6 {[%clk
0:27:59]} 25. Rxa6 {[%clk 0:30:17]} Rxa6 {[%clk 0:28:21]} 26. Qxa6 {[%clk
0:30:43]} Rxb2 {[%clk 0:27:39]} 27. Qa8+ {[%clk 0:30:44]} Kh7 {[%clk 0:27:37]}
28. Qa7 {[%clk 0:31:01]} f5 {[%clk 0:22:11]} 29. Rd1 {[%clk 0:29:48]} Re2 {[%clk
0:16:54]} 30. g3 {[%clk 0:26:19]} f4 {[%clk 0:10:40]} 31. gxf4 {[%clk 0:25:42]}
Qxf4 {[%clk 0:10:50]} 32. Qc5 {[%clk 0:17:53]} Qf3 {[%clk 0:03:27]} 33. h4 {[%clk
0:11:31]} Rxf2 {[%clk 0:02:08]} 34. Qxf2 {[%clk 0:11:35]} Qxd1+ {[%clk 0:02:34]}
35. Kh2 {[%clk 0:11:53]} Qg4 {[%clk 0:02:26]} 36. Qe1 {[%clk 0:11:50]} e5 {[%clk
0:02:05]} 37. Qxe5 {[%clk 0:11:35]} Qxh4+ {[%clk 0:02:28]} 38. Kg2 {[%clk
0:12:01]} Qg5+ {[%clk 0:01:50]} 39. Qxg5 {[%clk 0:12:16]} hxg5 {[%clk 0:02:18]}
0-1

[Event "Helsinki Chess Festival - Seniors"]
[Site "chess24.com"]
[Date "2019.08.16"]
[Round "5"]
[White "Halldorsson, Bragi"]
[Black "Mishuchkov, Nikolai M."]
[Result "1/2-1/2"]
[Board "4"]
[WhiteElo "2116"]
[WhiteCountry "ISL"]
[WhiteFideId "2300907"]
[WhiteEloChange "4"]
[BlackTitle "IM"]
[BlackElo "2274"]
[BlackCountry "RUS"]
[BlackFideId "4102401"]
[BlackEloChange "-4"]

1. d4 {[%clk 1:30:56]} Nf6 {[%clk 1:30:52]} 2. c4 {[%clk 1:31:20]} e6 {[%clk
1:31:19]} 3. Nc3 {[%clk 1:31:41]} Bb4 {[%clk 1:31:35]} 4. f3 {[%clk 1:32:01]} d5
{[%clk 1:31:43]} 5. a3 {[%clk 1:32:01]} Bxc3+ {[%clk 1:32:07]} 6. bxc3 {[%clk
1:32:21]} c6 {[%clk 1:32:05]} 7. e3 {[%clk 1:32:08]} O-O {[%clk 1:32:19]} 8. Bd3
{[%clk 1:32:13]} b6 {[%clk 1:32:40]} 9. cxd5 {[%clk 1:32:02]} cxd5 {[%clk
1:33:03]} 10. Ne2 {[%clk 1:32:16]} Ba6 {[%clk 1:33:22]} 11. O-O {[%clk 1:32:15]}
Bxd3 {[%clk 1:32:35]} 12. Qxd3 {[%clk 1:32:35]} Nc6 {[%clk 1:32:59]} 13. e4
{[%clk 1:32:46]} Na5 {[%clk 1:32:28]} 14. Bg5 {[%clk 1:32:55]} h6 {[%clk
1:32:54]} 15. Bh4 {[%clk 1:32:15]} Nc4 {[%clk 1:33:09]} 16. e5 {[%clk 1:30:36]}
g5 {[%clk 1:32:55]} 17. Bxg5 {[%clk 1:30:50]} hxg5 {[%clk 1:33:20]} 18. exf6
{[%clk 1:31:09]} Qxf6 {[%clk 1:31:05]} 19. f4 {[%clk 1:29:58]} Qg6 {[%clk
1:16:55]} 20. Qxg6+ {[%clk 1:25:40]} fxg6 {[%clk 1:17:19]} 21. fxg5 {[%clk
1:26:02]} Rxf1+ {[%clk 1:05:09]} 22. Rxf1 {[%clk 1:23:10]} Rf8 {[%clk 1:05:04]}
23. Re1 {[%clk 1:17:00]} Nxa3 {[%clk 1:03:05]} 24. g3 {[%clk 1:15:53]} Nb5 {[%clk
1:01:02]} 25. Nf4 {[%clk 1:14:58]} Nc7 {[%clk 1:01:09]} 26. Nxg6 {[%clk 1:15:02]}
Ra8 {[%clk 1:00:44]} 27. Kf2 {[%clk 1:07:24]} a5 {[%clk 1:00:55]} 28. Ke3 {[%clk
1:07:26]} a4 {[%clk 0:55:02]} 29. Ne7+ {[%clk 1:02:48]} Kf7 {[%clk 0:54:36]} 30.
Nc6 {[%clk 1:03:08]} Nb5 {[%clk 0:52:55]} 31. Kd3 {[%clk 1:02:47]} a3 {[%clk
0:46:48]} 32. Nb4 {[%clk 1:00:45]} a2 {[%clk 0:46:28]} 33. Ra1 {[%clk 1:00:52]}
Ra3 {[%clk 0:46:17]} 34. Rxa2 {[%clk 1:00:59]} Rxc3+ {[%clk 0:46:41]} 35. Kd2
{[%clk 1:00:42]} Rb3 {[%clk 0:42:59]} 36. Nd3 {[%clk 0:58:01]} Kg6 {[%clk
0:31:32]} 37. Nf4+ {[%clk 0:52:42]} Kxg5 {[%clk 0:31:31]} 38. Nxe6+ {[%clk
0:52:43]} Kf5 {[%clk 0:29:53]} 39. Nf4 {[%clk 0:52:22]} Ke4 {[%clk 0:22:59]} 40.
Ne2 {[%clk 1:22:15]} Rd3+ {[%clk 0:33:52]} 1/2-1/2

[Event "Helsinki Chess Festival - Seniors"]
[Site "chess24.com"]
[Date "2019.08.16"]
[Round "5"]
[White "Strand, Kjetil"]
[Black "Rantanen, Yrjo A."]
[Result "0-1"]
[Board "5"]
[WhiteElo "2026"]
[WhiteCountry "NOR"]
[WhiteFideId "1503111"]
[WhiteEloChange "-3"]
[BlackTitle "GM"]
[BlackElo "2302"]
[BlackCountry "FIN"]
[BlackFideId "500038"]
[BlackEloChange "3"]

1. e4 {[%clk 1:30:57]} c5 {[%clk 1:30:17]} 2. Nf3 {[%clk 1:31:17]} Nc6 {[%clk
1:30:26]} 3. d4 {[%clk 1:31:38]} cxd4 {[%clk 1:30:44]} 4. Nxd4 {[%clk 1:32:01]}
g6 {[%clk 1:30:45]} 5. Nc3 {[%clk 1:32:14]} Bg7 {[%clk 1:31:04]} 6. Be3 {[%clk
1:32:28]} Nf6 {[%clk 1:30:46]} 7. Bc4 {[%clk 1:32:39]} O-O {[%clk 1:30:43]} 8.
Bb3 {[%clk 1:32:44]} a5 {[%clk 1:31:00]} 9. O-O {[%clk 1:32:29]} a4 {[%clk
1:28:16]} 10. Nxa4 {[%clk 1:31:56]} Nxe4 {[%clk 1:28:26]} 11. Nb5 {[%clk
1:31:22]} d6 {[%clk 1:17:16]} 12. Qe2 {[%clk 1:29:46]} Ra6 {[%clk 1:10:47]} 13.
Rad1 {[%clk 0:04:12]} Na5 {[%clk 0:14:00]} 14. c4 {[%clk 0:08:03]} Nxb3 {[%clk
0:53:17]} 15. axb3 {[%clk 1:20:42]} Nf6 {[%clk 0:00:49]} 16. h3 {[%clk 1:15:38]}
Bd7 {[%clk 0:04:43]} 17. Nac3 {[%clk 1:13:00]} Qa5 {[%clk 0:48:59]} 18. Rfe1
{[%clk 0:55:43]} Bc6 {[%clk 0:41:40]} 19. Qc2 {[%clk 0:07:41]} Rc8 {[%clk
0:31:24]} 20. Bd4 {[%clk 0:39:43]} Qd8 {[%clk 0:22:39]} 21. f4 {[%clk 0:35:41]}
Nh5 {[%clk 0:20:46]} 22. f5 {[%clk 0:34:27]} Nf4 {[%clk 0:17:54]} 23. Bxg7 {[%clk
0:33:06]} Kxg7 {[%clk 0:18:20]} 24. Qf2 {[%clk 0:29:52]} e5 {[%clk 0:12:51]} 25.
fxe6 {[%clk 0:02:52]} Qg5 {[%clk 0:16:53]} 26. Kh2 {[%clk 0:14:46]} fxe6 {[%clk
0:03:53]} 27. Ne4 {[%clk 0:09:57]} Bxe4 {[%clk 0:12:38]} 28. Rxe4 {[%clk
0:10:16]} e5 {[%clk 0:12:33]} 29. Rxd6 {[%clk 0:08:33]} Rf8 {[%clk 0:12:37]} 30.
Qd2 {[%clk 0:06:11]} Qf5 {[%clk 0:11:39]} 31. Rd7+ {[%clk 0:04:18]} Kg8 {[%clk
0:11:48]} 32. Nc3 {[%clk 0:03:45]} Nxg2 {[%clk 0:09:02]} 33. Qd5+ {[%clk
0:03:06]} Re6 {[%clk 0:09:22]} 34. Rg4 {[%clk 0:01:50]} Ne3 {[%clk 0:09:02]} 35.
Qxb7 {[%clk 0:01:51]} Nxg4+ {[%clk 0:08:48]} 36. hxg4 {[%clk 0:02:11]} Qf4+
{[%clk 0:08:56]} 37. Kh3 {[%clk 0:01:20]} Qf1+ {[%clk 0:00:54]} 38. Kg3 {[%clk
0:01:03]} Qf2+ {[%clk 0:09:16]} 0-1

[Event "Helsinki Chess Festival - Seniors"]
[Site "chess24.com"]
[Date "2019.08.16"]
[Round "6"]
[White "Peebo, Kalle"]
[Black "Rantanen, Yrjo A."]
[Result "0-1"]
[Board "1"]
[WhiteElo "2200"]
[WhiteCountry "EST"]
[WhiteFideId "4503805"]
[WhiteEloChange "-7"]
[BlackTitle "GM"]
[BlackElo "2302"]
[BlackCountry "FIN"]
[BlackFideId "500038"]
[BlackEloChange "7"]

1. e4 {[%clk 1:30:58]} c5 {[%clk 1:30:49]} 2. Nf3 {[%clk 1:30:54]} d6 {[%clk
1:30:40]} 3. Nc3 {[%clk 1:26:37]} a6 {[%clk 1:26:51]} 4. g3 {[%clk 1:25:58]} g6
{[%clk 1:25:30]} 5. d4 {[%clk 1:26:10]} cxd4 {[%clk 1:25:29]} 6. Qxd4 {[%clk
1:26:23]} Nf6 {[%clk 1:18:46]} 7. e5 {[%clk 1:23:38]} Nc6 {[%clk 1:18:13]} 8. Qa4
{[%clk 1:20:03]} Ng4 {[%clk 1:12:55]} 9. exd6 {[%clk 1:00:00]} Qxd6 {[%clk
0:53:33]} 10. Bg2 {[%clk 0:58:12]} Qe6+ {[%clk 0:47:42]} 11. Ne2 {[%clk 0:56:16]}
Bd7 {[%clk 0:47:01]} 12. h3 {[%clk 0:50:45]} Nge5 {[%clk 0:42:54]} 13. Qb3 {[%clk
0:45:24]} Qxb3 {[%clk 0:38:48]} 14. axb3 {[%clk 0:34:53]} Nxf3+ {[%clk 0:37:38]}
15. Bxf3 {[%clk 0:33:39]} Nb4 {[%clk 0:37:50]} 16. Be4 {[%clk 0:31:30]} O-O-O
{[%clk 0:36:14]} 17. c3 {[%clk 0:30:35]} Bc6 {[%clk 0:35:52]} 18. cxb4 {[%clk
0:24:20]} Bxe4 {[%clk 0:35:59]} 19. Rg1 {[%clk 0:24:18]} Bg7 {[%clk 0:31:23]} 20.
Nc3 {[%clk 0:24:16]} Bc2 {[%clk 0:31:33]} 21. Bg5 {[%clk 0:22:06]} Bxb3 {[%clk
0:30:17]} 22. Kf1 {[%clk 0:18:02]} Bxc3 {[%clk 0:21:53]} 23. bxc3 {[%clk
0:16:47]} f6 {[%clk 0:22:13]} 24. Be3 {[%clk 0:16:36]} Rd3 {[%clk 0:20:49]} 25.
Rc1 {[%clk 0:16:07]} Bc4 {[%clk 0:18:55]} 26. Kg2 {[%clk 0:16:00]} Rhd8 {[%clk
0:17:55]} 27. Rge1 {[%clk 0:14:20]} e5 {[%clk 0:17:15]} 28. f4 {[%clk 0:12:31]}
e4 {[%clk 0:16:13]} 29. Rc2 {[%clk 0:08:24]} f5 {[%clk 0:15:54]} 30. Bd4 {[%clk
0:04:50]} Kc7 {[%clk 0:15:32]} 31. Rb2 {[%clk 0:03:12]} Kc6 {[%clk 0:15:38]} 32.
Rc2 {[%clk 0:02:06]} Kb5 {[%clk 0:14:13]} 33. Kf2 {[%clk 0:02:11]} Rf3+ {[%clk
0:11:27]} 34. Kg2 {[%clk 0:02:37]} Rd7 {[%clk 0:10:58]} 35. Ra1 {[%clk 0:02:11]}
b6 {[%clk 0:11:10]} 36. Re1 {[%clk 0:02:28]} h6 {[%clk 0:11:05]} 37. h4 {[%clk
0:02:44]} Rd6 {[%clk 0:10:42]} 38. Rb2 {[%clk 0:02:51]} Kc6 {[%clk 0:09:42]} 39.
Rc2 {[%clk 0:02:54]} Rd3 {[%clk 0:08:32]} 40. Kf2 {[%clk 0:32:58]} Kb5 {[%clk
0:34:04]} 41. Rb2 {[%clk 0:26:19]} h5 {[%clk 0:32:29]} 42. Rc2 {[%clk 0:25:22]}
R6xd4 {[%clk 0:31:28]} 43. cxd4 {[%clk 0:25:32]} Rxd4 {[%clk 0:31:38]} 44. Rb2
{[%clk 0:24:47]} Bd5 {[%clk 0:28:55]} 45. Ree2 {[%clk 0:22:23]} Rxb4 {[%clk
0:26:57]} 46. Ke3 {[%clk 0:22:34]} Bc4 {[%clk 0:25:50]} 47. Red2 {[%clk 0:22:07]}
Rxb2 {[%clk 0:25:57]} 48. Rxb2+ {[%clk 0:22:36]} Kc5 {[%clk 0:26:18]} 49. Rd2
{[%clk 0:21:19]} Bd3 {[%clk 0:26:30]} 50. Rd1 {[%clk 0:21:39]} a5 {[%clk
0:26:50]} 51. Rc1+ {[%clk 0:22:07]} Bc4 {[%clk 0:27:10]} 52. Rd1 {[%clk 0:22:34]}
a4 {[%clk 0:27:28]} 53. Rd7 {[%clk 0:22:36]} a3 {[%clk 0:27:27]} 54. Kd2 {[%clk
0:22:52]} a2 {[%clk 0:27:30]} 55. Ra7 {[%clk 0:23:18]} Kb4 {[%clk 0:27:16]} 56.
Kc2 {[%clk 0:23:46]} e3 {[%clk 0:26:44]} 57. Kb2 {[%clk 0:24:15]} 0-1

[Event "Helsinki Chess Festival - Seniors"]
[Site "chess24.com"]
[Date "2019.08.16"]
[Round "6"]
[White "Mishuchkov, Nikolai M."]
[Black "Strand, Kjetil"]
[Result "1-0"]
[Board "2"]
[WhiteTitle "IM"]
[WhiteElo "2274"]
[WhiteCountry "RUS"]
[WhiteFideId "4102401"]
[WhiteEloChange "4"]
[BlackElo "2026"]
[BlackCountry "NOR"]
[BlackFideId "1503111"]
[BlackEloChange "-4"]

1. d4 {[%clk 1:30:57]} d5 {[%clk 1:30:54]} 2. Nf3 {[%clk 1:31:23]} Nf6 {[%clk
1:31:16]} 3. c4 {[%clk 1:31:44]} c6 {[%clk 1:31:37]} 4. Nbd2 {[%clk 1:32:08]}
dxc4 {[%clk 1:32:00]} 5. Nxc4 {[%clk 1:32:29]} e6 {[%clk 1:30:08]} 6. e3 {[%clk
1:17:28]} c5 {[%clk 1:27:25]} 7. Be2 {[%clk 1:17:07]} cxd4 {[%clk 1:27:01]} 8.
Nxd4 {[%clk 1:14:22]} Be7 {[%clk 1:25:33]} 9. O-O {[%clk 1:14:27]} O-O {[%clk
1:25:25]} 10. b3 {[%clk 1:13:54]} Bd7 {[%clk 1:21:01]} 11. Bb2 {[%clk 1:08:56]}
Nc6 {[%clk 1:20:17]} 12. Bf3 {[%clk 1:09:17]} Nxd4 {[%clk 1:13:14]} 13. Qxd4
{[%clk 1:00:56]} Qc7 {[%clk 1:10:30]} 14. Rfc1 {[%clk 0:51:30]} Rfd8 {[%clk
0:41:30]} 15. Qe5 {[%clk 0:49:11]} Qxe5 {[%clk 0:37:24]} 16. Nxe5 {[%clk
0:43:36]} Rab8 {[%clk 0:37:04]} 17. Rc7 {[%clk 0:43:03]} Rbc8 {[%clk 0:29:32]}
18. Rxb7 {[%clk 0:42:43]} Rc2 {[%clk 0:27:54]} 19. Bd4 {[%clk 0:42:22]} Bc5
{[%clk 0:23:08]} 20. Bxc5 {[%clk 0:41:41]} Rxc5 {[%clk 0:23:33]} 21. Nxd7 {[%clk
0:42:02]} Nxd7 {[%clk 0:22:50]} 22. Rd1 {[%clk 0:42:01]} Kf8 {[%clk 0:21:20]} 23.
Rbxd7 {[%clk 0:42:01]} 1-0

[Event "Helsinki Chess Festival - Seniors"]
[Site "chess24.com"]
[Date "2019.08.16"]
[Round "6"]
[White "Kaunas, Kestutis"]
[Black "Halldorsson, Bragi"]
[Result "1-0"]
[Board "3"]
[WhiteTitle "IM"]
[WhiteElo "2154"]
[WhiteCountry "LTU"]
[WhiteFideId "12800139"]
[WhiteEloChange "9"]
[BlackElo "2116"]
[BlackCountry "ISL"]
[BlackFideId "2300907"]
[BlackEloChange "-9"]

1. d4 {[%clk 1:30:23]} c6 {[%clk 1:30:16]} 2. e4 {[%clk 1:29:53]} d5 {[%clk
1:30:38]} 3. e5 {[%clk 1:29:30]} Bf5 {[%clk 1:30:56]} 4. Nc3 {[%clk 1:26:54]} e6
{[%clk 1:31:16]} 5. g4 {[%clk 1:26:25]} Bg6 {[%clk 1:31:35]} 6. Nge2 {[%clk
1:25:55]} Bb4 {[%clk 1:29:16]} 7. Bg2 {[%clk 1:18:21]} f6 {[%clk 1:17:22]} 8. Nf4
{[%clk 1:13:41]} fxe5 {[%clk 1:15:49]} 9. dxe5 {[%clk 1:12:49]} Bf7 {[%clk
1:15:38]} 10. Bd2 {[%clk 1:03:06]} Ne7 {[%clk 1:14:12]} 11. Qe2 {[%clk 0:57:46]}
Nd7 {[%clk 1:14:32]} 12. O-O-O {[%clk 0:55:44]} b5 {[%clk 1:09:31]} 13. h4 {[%clk
0:49:18]} Nb6 {[%clk 1:01:48]} 14. g5 {[%clk 0:34:26]} Nc4 {[%clk 1:01:20]} 15.
h5 {[%clk 0:31:10]} Qa5 {[%clk 1:01:21]} 16. g6 {[%clk 0:28:38]} Bg8 {[%clk
1:00:09]} 17. Nd3 {[%clk 0:08:53]} hxg6 {[%clk 0:52:24]} 18. a3 {[%clk 0:03:49]}
Bxa3 {[%clk 0:52:03]} 19. bxa3 {[%clk 0:02:16]} Qxa3+ {[%clk 0:51:29]} 20. Kb1
{[%clk 0:02:15]} b4 {[%clk 0:49:24]} 21. Na2 {[%clk 0:01:53]} b3 {[%clk 0:49:03]}
22. cxb3 {[%clk 0:01:52]} Qxb3+ {[%clk 0:48:38]} 23. Ka1 {[%clk 0:02:08]} Na3
{[%clk 0:48:25]} 24. Ndb4 {[%clk 0:01:06]} a5 {[%clk 0:46:55]} 25. Rh3 {[%clk
0:01:09]} Qa4 {[%clk 0:46:14]} 26. Rxa3 {[%clk 0:00:49]} Qxa3 {[%clk 0:46:08]}
27. Nxc6 {[%clk 0:00:50]} Rxh5 {[%clk 0:42:22]} 28. Qb5 {[%clk 0:00:40]} Kf7
{[%clk 0:42:10]} 29. Bc1 {[%clk 0:00:41]} Qxc1+ {[%clk 0:35:46]} 30. Rxc1 {[%clk
0:01:01]} Re8 {[%clk 0:36:00]} 31. Qb7 {[%clk 0:00:40]} Rh2 {[%clk 0:35:06]} 32.
Bf1 {[%clk 0:01:08]} Rxf2 {[%clk 0:35:00]} 33. Bb5 {[%clk 0:01:33]} g5 {[%clk
0:31:46]} 34. Nd4 {[%clk 0:01:32]} 1-0

[Event "Helsinki Chess Festival - Seniors"]
[Site "chess24.com"]
[Date "2019.08.16"]
[Round "6"]
[White "Karasev, Vladimir I"]
[Black "Westerinen, Heikki M.J."]
[Result "0-1"]
[Board "5"]
[WhiteTitle "IM"]
[WhiteElo "2283"]
[WhiteCountry "RUS"]
[WhiteFideId "4103971"]
[WhiteEloChange "-10"]
[BlackTitle "GM"]
[BlackElo "2297"]
[BlackCountry "FIN"]
[BlackFideId "500020"]
[BlackEloChange "10"]

1. Nf3 {[%clk 1:30:58]} Nf6 {[%clk 1:30:06]} 2. c4 {[%clk 1:31:13]} g6 {[%clk
1:27:35]} 3. b4 {[%clk 1:31:36]} Bg7 {[%clk 1:27:38]} 4. Bb2 {[%clk 1:32:01]} O-O
{[%clk 1:27:42]} 5. e3 {[%clk 1:32:07]} d6 {[%clk 1:22:47]} 6. d4 {[%clk
1:30:20]} c5 {[%clk 1:18:53]} 7. bxc5 {[%clk 1:27:30]} dxc5 {[%clk 1:19:18]} 8.
d5 {[%clk 1:27:41]} e6 {[%clk 1:17:39]} 9. dxe6 {[%clk 1:07:35]} Qxd1+ {[%clk
1:15:38]} 10. Kxd1 {[%clk 1:08:01]} Bxe6 {[%clk 1:15:45]} 11. Nfd2 {[%clk
0:18:37]} Nc6 {[%clk 1:06:40]} 12. f3 {[%clk 0:21:38]} Rfe8 {[%clk 0:57:16]} 13.
Bc3 {[%clk 0:38:59]} Rad8 {[%clk 0:55:09]} 14. a3 {[%clk 0:36:55]} Bc8 {[%clk
0:48:02]} 15. e4 {[%clk 0:34:49]} Nd4 {[%clk 0:47:46]} 16. Ra2 {[%clk 0:31:13]}
Nh5 {[%clk 0:46:34]} 17. Bxd4 {[%clk 0:02:15]} Bxd4 {[%clk 0:41:52]} 18. g3
{[%clk 0:30:05]} Ng7 {[%clk 0:33:54]} 19. Bg2 {[%clk 0:24:24]} f5 {[%clk
0:33:39]} 20. Re1 {[%clk 0:21:36]} fxe4 {[%clk 0:32:57]} 21. Rxe4 {[%clk
0:20:35]} Rxe4 {[%clk 0:29:46]} 22. fxe4 {[%clk 0:19:59]} Bg1 {[%clk 0:28:17]}
23. h3 {[%clk 0:19:32]} Nh5 {[%clk 0:28:07]} 24. e5 {[%clk 0:18:45]} Be6 {[%clk
0:05:05]} 25. g4 {[%clk 0:02:51]} Nf4 {[%clk 0:24:09]} 26. Bf1 {[%clk 0:16:00]}
Bd4 {[%clk 0:03:15]} 27. Kc2 {[%clk 0:15:14]} Bxe5 {[%clk 0:21:23]} 28. Nf3
{[%clk 0:14:41]} Bg7 {[%clk 0:15:21]} 29. Nc3 {[%clk 0:13:44]} h5 {[%clk
0:15:13]} 30. Ng5 {[%clk 0:12:39]} Bd7 {[%clk 0:13:43]} 31. gxh5 {[%clk 0:12:20]}
Bf5+ {[%clk 0:13:32]} 32. Kb3 {[%clk 0:12:41]} Rd6 {[%clk 0:08:22]} 33. Nd5
{[%clk 0:10:37]} Nxd5 {[%clk 0:07:16]} 34. cxd5 {[%clk 0:10:26]} Rb6+ {[%clk
0:07:26]} 35. Kc4 {[%clk 0:10:48]} Rb1 {[%clk 0:07:34]} 36. Be2 {[%clk 0:04:35]}
Rc1+ {[%clk 0:07:31]} 37. Kb3 {[%clk 0:05:01]} Rc3+ {[%clk 0:04:51]} 38. Ka4
{[%clk 0:05:29]} Bd7+ {[%clk 0:03:02]} 39. Bb5 {[%clk 0:05:38]} Rc4+ {[%clk
0:03:10]} 40. Kb3 {[%clk 0:35:52]} Bxb5 {[%clk 0:33:25]} 41. Rc2 {[%clk 0:33:19]}
Rxc2 {[%clk 0:33:03]} 42. Kxc2 {[%clk 0:33:48]} gxh5 {[%clk 0:31:42]} 43. d6
{[%clk 0:34:06]} 0-1